000 00433nam a2200181Ia 4500
001 1480
005 20260306143731.0
008 260306t2010||||xx |||||||||||||| ||spa||
041 _aESP
082 _a150.195
_bF83P
100 _aFreud, Sigmund
_eAUT
245 0 _aEl malestar en la cultura y otros ensayos
260 _c2010
300 _a334 páginas :
_c18 cm.
650 _aGEN
654 _aCPS
942 _cLIB
_dJUS
_fJUS
_2ddc
_n
999 _c1480
_d1480